Т. 77, вып. 3; Прикладная математика и механика

Bibliographic Details
Parent link:Прикладная математика и механика: научный журнал/ Российская академия наук (РАН). Т. 77, вып. 3.— , 1937-1988, 1990-
Language:Russian
Published: 2013
Format: MixedMaterials Book
KOHA link:https://koha.lib.tpu.ru/cgi-bin/koha/opac-detail.pl?biblionumber=516471

MARC

LEADER 00000nam2a2200000 4500
001 516471
005 20231101105459.0
035 |a (RuTPU)RU\TPU\prd\194268 
090 |a 516471 
100 |a 20130826a19369999k y0rusy50 ca 
101 0 |a rus 
102 |a RU 
200 0 |a Т. 77, вып. 3 
210 |d 2013 
461 1 |0 (RuTPU)RU\TPU\prd\1688  |t Прикладная математика и механика  |o научный журнал  |f Российская академия наук (РАН)  |v Т. 77, вып. 3  |d 1937-1988, 1990- 
801 0 |a RU  |b 63413507  |c 20010227  |g PSBO 
801 1 |a RU  |b 63413507  |c 20130826 
801 2 |a RU  |b 63413507  |c 20230608  |g RCR 
942 |c BK 
999 |a НТБ_ТПУ  |b НФ  |e -1/20130109  |p П-5339  |s 5/20121010  |u 0,00  |v 1